Modern-Day Countries of the Mali Empire on a Map - Statistics

General Stats
  • This quiz has been taken 2,952 times
    2,807 since last reset
  • The average score is 10 of 11
Answers on the Map
Answers color-coded by a green-red scale on the quiz's map according to % correct below.
 
Answer Stats
Country % Correct
Mali
100%
Senegal
98%
Gambia
96%
Guinea
96%
Mauritania
96%
Niger
95%
Guinea-Bissau
93%
Ivory Coast
92%
Liberia
92%
Sierra Leone
92%
Burkina Faso
90%
No matching quizzes found
Score Distribution
Percent of People with Each Score
Percentile by Number Answered
Your Score History
You have not taken this quiz since the last reset